| 000 -CABECERA |
| fixed length control field |
01362nam a22002417i 4500 |
| 003 - IDENTIFICADOR DEL NÚMERO DE CONTROL |
| control field |
AR-CdUCM |
| 008 - DATOS DE LONGITUD FIJA--INFORMACIÓN GENERAL |
| fixed length control field |
241104b20142014 pe||||| |||| 00| 0 spa d |
| 040 ## - FUENTE DE LA CATALOGACIÓN |
| Agencia/entidad que catalogó originalmente la obra |
MUNICIPALIDAD PROVINCIAL DEL CUSCO |
| Entidad que transcribió la catalogación |
BIBLIOTECA MUNICIPAL DEL CUSCO |
| 082 ## - NÚMERO DE LA CLASIFICACIÓN DECIMAL DEWEY |
| No. de Clasificación |
342.5 / M61 |
| Notacion interna |
M61 |
| 110 ## - ENTRADA PRINCIPAL--NOMBRE DE ENTIDAD CORPORATIVA |
| Nombre de la institución, jurisdicción como entrada principal |
Ministerio de Relaciones Exteriores. |
| 9 (RLIN) |
3262 |
| 245 ## - MENCIÓN DE TÍTULO |
| Título |
Compendio de Normas sobre Desarrollo e Integración Fronteriza / |
| 260 ## - PUBLICACIÓN, DISTRIBUCIÓN, ETC. |
| Lugar de publicación, distribución, etc. |
Lima : |
| Nombre de la editorial, distribuidor, etc. |
Ministerio de Relaciones Exteriores. |
| Fecha de publicación, distribución, etc. |
2014 |
| 300 ## - DESCRIPCIÓN FÍSICA |
| Nº de Páginas Extensión |
181 páginas. : |
| Dimensiones |
25 cm |
| 505 ## - NOTA DE CONTENIDO CON FORMATO |
| Nota de contenido formateada |
Constitución Política del Perú -- Ley Orgánica del Poder Ejecutivo -- Ley Marco para el Desarrollo e Integración Fronteriza y su reglamento aprobado Decreto supremo Nº017-2013-RE -- Ley Orgánica de Gobiernos Regionales -- Ley Orgánica de Municipalidades -- Ley de Organización y Funciones del Ministerio de Relaciones Exteriores -- Ley de Bases de la Descentralización -- Ley de Demarcación y Organización Territorial -- Ley de Presupuestos del Sector Público, para el año fiscal 2013 -- Ley General del Ambiente -- Ley de recursos Hídricos -- Ley de Reforma Magisterial -- Ley Universitaria. |
| 650 ## - PUNTO DE ACCESO ADICIONAL DE MATERIA--TÉRMINO DE MATERIA |
| Descriptor |
Ley |
| 9 (RLIN) |
7887 |
| 650 ## - PUNTO DE ACCESO ADICIONAL DE MATERIA--TÉRMINO DE MATERIA |
| Descriptor |
Decreto |
| 9 (RLIN) |
28626 |
| 650 ## - PUNTO DE ACCESO ADICIONAL DE MATERIA--TÉRMINO DE MATERIA |
| Descriptor |
Normas |
| 9 (RLIN) |
15859 |
| 650 ## - PUNTO DE ACCESO ADICIONAL DE MATERIA--TÉRMINO DE MATERIA |
| Descriptor |
Proyectos |
| 9 (RLIN) |
4155 |
| 650 ## - PUNTO DE ACCESO ADICIONAL DE MATERIA--TÉRMINO DE MATERIA |
| Descriptor |
Convenio |
| 9 (RLIN) |
50759 |
| 942 ## - ELEMENTOS DE PUNTO DE ACCESO ADICIONAL (KOHA) |
| Fuente de clasificación |
|
| Tipo de item |
Libros-BMC |
| 945 ## - PROCESAMIENTO DE INFORMACIÓN LOCAL (OCLC) |
| Catalogador |
pbj |
| AAAA-MM-DD - Fecha de ingreso o modificacion |
04-11-2024 |